Normal view
MARC view
Entry Geographic Name
Number of records used in: 133
001 - CONTROL NUMBER
- control field: 3381
003 - CONTROL NUMBER IDENTIFIER
- control field: BD-RjUL
005 - DATE AND TIME OF LATEST TRANSACTION
- control field: 20220602145211.0
008 - FIXED-LENGTH DATA ELEMENTS
- fixed length control field: 220602|| aca||aabn | a|a d
040 ## - CATALOGING SOURCE
- Original cataloging agency: BD-RjUL
- Transcribing agency: BD-RjUL
151 ## - HEADING--GEOGRAPHIC NAME
- Geographic name: Bangladesh
- General subdivision: Population.
- General subdivision: Statistics
670 ## - SOURCE DATA FOUND
- Source citation: Work cat.: (BD-RjUL)79459: Islam, Md. Rafiqul 1188, Modeling of demographic parameters of Bangladesh: , 2003